[Event "Subcarpathian-chT"]
[Site "Bystre"]
[Date "2021.06.12"]
[Round "7.28"]
[White "Drozdzal, Michal"]
[Black "Drabek, Jan"]
[Result "0-1"]
[WhiteElo "1503"]
[BlackElo "1610"]
[PlyCount "66"]
[EventDate "2021.06.09"]
[EventType "team-tourn"]
[EventRounds "9"]
[EventCountry "POL"]
[SourceTitle "EXT 2022"]
[Source "ChessBase"]
[SourceDate "2021.10.06"]
[SourceVersion "1"]
[SourceVersionDate "2021.10.06"]
[SourceQuality "1"]

1. d4 d5 2. Bf4 Nf6 3. Nf3 c5 4. c3 Bf5 5. Nbd2 e6 6. e3 Nc6 7. Be2 Bd6 8. Ne5 Qc7 9. Ndf3 Ne4 10. 0-0 0-0 11. Nxc6 bxc6 12. Bxd6 Qxd6 13. Nh4 Bg6 14. Bd3 Nf6 15. f4 c4 16. Nxg6 hxg6 17. Bc2 c5 18. Qe1 cxd4 19. exd4 a5 20. Rf3 Rab8 21. Rb1 Rb6 22. Qh4 Rfb8 23. b3 Qa3 24. Rh3 Kf8 25. Qh8+ Ke7 26. Qxg7 Rg8 27. Qh6 Qxa2 28. Rc1 cxb3 29. Bb1 Qd2 30. Rf1 a4 31. Rd3 Qb2 32. f5 gxf5 33. Re3 Qxg2# 0-1

[Event "POL-chT U19 2nd League"]
[Site "Iwonicz"]
[Date "2016.07.31"]
[Round "8.68"]
[White "Bakalarczyk, Jakub"]
[Black "Drabek, Jan"]
[Result "1/2-1/2"]
[WhiteElo "1591"]
[BlackElo "1727"]
[PlyCount "129"]
[EventDate "2016.07.23"]
[EventType "team-swiss"]
[EventRounds "11"]
[EventCountry "POL"]
[SourceTitle "EXT 2019"]
[Source "ChessBase"]
[SourceDate "2018.10.10"]
[SourceVersion "1"]
[SourceVersionDate "2018.10.10"]
[SourceQuality "1"]
[WhiteTeam "Wielun UKS Piatka U19"]
[BlackTeam "Krosno KKSz Urania U19"]
[WhiteTeamCountry "POL"]
[BlackTeamCountry "POL"]

1. d4 g6 2. c4 Bg7 3. Nc3 c5 4. Nf3 cxd4 5. Nxd4 Nc6 6. Nf3 Nf6 7. g3 0-0 8. Bg2 d6 9. 0-0 Be6 10. Nd2 Qd7 11. b3 Bh3 12. Bb2 Bxg2 13. Kxg2 Rac8 14. Rb1 Ne5 15. h3 Qc6+ 16. Kh2 d5 17. Nb5 Qe6 18. Bxe5 Qxe5 19. Nf3 Qb8 20. Rc1 a6 21. Na3 Rfd8 22. Nd2 dxc4 23. Rxc4 Rxc4 24. Naxc4 b5 25. Nb2 Ne4 26. Nd3 Nc3 27. Qc2 Nxe2 28. Nf3 Nc3 29. b4 Nd5 30. a3 Qa8 31. Qe2 a5 32. bxa5 Qxa5 33. Re1 Qxa3 34. Nde5 Qc5 35. Kg2 Nc3 36. Qc2 Rd5 37. Nd3 Qd6 38. Nf4 Rd1 39. Re3 b4 40. h4 e5 41. Ne2 e4 42. Ng5 Nxe2 43. Rxe2 Qd3 44. Qc8+ Bf8 45. Qb7 Qd7 46. Qxe4 Qd5 47. Rb2 Qxe4+ 48. Nxe4 Rd4 49. Kf3 Bg7 50. Rb3 f5 51. Nc5 Rc4 52. Nd3 Rc3 53. Rxc3 bxc3 54. Ke2 Kf7 55. Nb4 Ke6 56. Kd3 f4 57. Ke4 fxg3 58. fxg3 Bf8 59. Nc2 Bc5 60. h5 g5 61. g4 Bf8 62. Nd4+ Kd7 63. Kd3 Bb4 64. Nf3 h6 65. Nd4 1/2-1/2

[Event "POL-chT U19 2nd League"]
[Site "Iwonicz"]
[Date "2016.07.31"]
[Round "10.68"]
[White "Drabek, Jan"]
[Black "Kucharski, Daniel"]
[Result "1-0"]
[WhiteElo "1727"]
[BlackElo "1328"]
[PlyCount "71"]
[EventDate "2016.07.23"]
[EventType "team-swiss"]
[EventRounds "11"]
[EventCountry "POL"]
[SourceTitle "EXT 2019"]
[Source "ChessBase"]
[SourceDate "2018.10.10"]
[SourceVersion "1"]
[SourceVersionDate "2018.10.10"]
[SourceQuality "1"]
[WhiteTeam "Krosno KKSz Urania U19"]
[BlackTeam "Czestochowa UKS Hetman U19"]
[WhiteTeamCountry "POL"]
[BlackTeamCountry "POL"]

1. d4 d5 2. c4 e6 3. cxd5 exd5 4. Nf3 Nf6 5. Bg5 Be7 6. e3 0-0 7. Bd3 Nc6 8. 0-0 h6 9. Bh4 Re8 10. Nc3 Ne4 11. Bxe7 Rxe7 12. Nd2 Bf5 13. Bxe4 Bxe4 14. Ndxe4 dxe4 15. Qg4 Qc8 16. Qh4 Qe8 17. a3 a5 18. Rac1 a4 19. Rfd1 Ra5 20. Qf4 g5 21. Qg3 Qd7 22. h4 Kh7 23. d5 Ne5 24. hxg5 Qg4 25. Qxg4 Nxg4 26. gxh6 Kxh6 27. Rd4 Re5 28. Rcd1 Nf6 29. Kf1 Kg6 30. Ke2 Kf5 31. f4 exf3+ 32. gxf3 b6 33. Rf4+ Kg6 34. Rg1+ Rg5 35. Rxf6+ Kxf6 36. Ne4+ 1-0

[Event "POL-chT U19 2nd League"]
[Site "Iwonicz"]
[Date "2016.07.31"]
[Round "4.68"]
[White "Drabek, Jan"]
[Black "Radecki, Adam"]
[Result "1/2-1/2"]
[WhiteElo "1727"]
[BlackElo "1595"]
[PlyCount "80"]
[EventDate "2016.07.23"]
[EventType "team-swiss"]
[EventRounds "11"]
[EventCountry "POL"]
[SourceTitle "EXT 2019"]
[Source "ChessBase"]
[SourceDate "2018.10.10"]
[SourceVersion "1"]
[SourceVersionDate "2018.10.10"]
[SourceQuality "1"]
[WhiteTeam "Krosno KKSz Urania U19"]
[BlackTeam "Rydultowy Ognisko U19 II"]
[WhiteTeamCountry "POL"]
[BlackTeamCountry "POL"]

1. e4 c5 2. Nf3 e6 3. d4 cxd4 4. Nxd4 Qb6 5. Nb3 a6 6. Be3 Qc7 7. Bd3 b5 8. 0-0 Bb7 9. Nc3 Nf6 10. a3 d6 11. Kh1 Be7 12. f4 Nbd7 13. Qf3 Nc5 14. Nxc5 dxc5 15. Rad1 0-0 16. Rfe1 Rfd8 17. Bf2 Rac8 18. Bg3 Qc6 19. f5 exf5 20. Qxf5 c4 21. Be2 Nxe4 22. Rxd8+ Rxd8 23. Nxe4 Qxe4 24. Qxe4 Bxe4 25. Bxc4 Bxc2 26. Bxb5 axb5 27. Rxe7 Rd1+ 28. Re1 Rxe1+ 29. Bxe1 Kf8 30. Kg1 Ke7 31. Kf2 Ke6 32. Ke3 Kd5 33. Kd2 Be4 34. g3 Kc4 35. Ke3 Bd5 36. Kf4 h5 37. Ke5 g6 38. b3+ Kc5 39. Bf2+ Kc6 40. b4 Bb3 1/2-1/2

[Event "POL-chT U19 2nd League"]
[Site "Iwonicz"]
[Date "2016.07.31"]
[Round "5.38"]
[White "Karykowska, Anna"]
[Black "Drabek, Jan"]
[Result "1-0"]
[WhiteElo "1818"]
[BlackElo "1727"]
[PlyCount "93"]
[EventDate "2016.07.23"]
[EventType "team-swiss"]
[EventRounds "11"]
[EventCountry "POL"]
[SourceTitle "EXT 2019"]
[Source "ChessBase"]
[SourceDate "2018.10.10"]
[SourceVersion "1"]
[SourceVersionDate "2018.10.10"]
[SourceQuality "1"]
[WhiteTeam "Legnica Miedz U19"]
[BlackTeam "Krosno KKSz Urania U19"]
[WhiteTeamCountry "POL"]
[BlackTeamCountry "POL"]

1. e4 c5 2. Nf3 Nc6 3. d4 cxd4 4. Nxd4 g6 5. Nc3 Bg7 6. Nde2 Nf6 7. g3 0-0 8. Bg2 d6 9. 0-0 Bd7 10. h3 Qc7 11. Bg5 Be6 12. Qd2 Ne5 13. g4 a6 14. b3 Rac8 15. Rac1 b5 16. f4 Qc5+ 17. Kh1 Nc6 18. f5 Bd7 19. Be3 Qb4 20. a3 Qa5 21. b4 Qc7 22. g5 Ne8 23. Nd5 Qb7 24. f6 Be6 25. fxg7 Nxg7 26. Nef4 Ne5 27. Bd4 Rc4 28. c3 Re8 29. Qf2 Bxd5 30. Nxd5 Rf8 31. Bxe5 dxe5 32. Qg3 Rc6 33. Qxe5 Ne6 34. Qg3 Qd7 35. e5 Ng7 36. Nxe7+ Qxe7 37. Bxc6 Nf5 38. Qf4 Qe6 39. Be4 Ng7 40. Qh2 Rc8 41. Bf3 Rc4 42. Bg4 Qd5+ 43. Kg1 Qd3 44. Rcd1 Qe3+ 45. Qf2 Qxg5 46. Qxf7+ Kh8 47. Qf8# 1-0

[Event "POL-chT U19 2nd League"]
[Site "Iwonicz"]
[Date "2015.08.01"]
[Round "1.13"]
[White "Czerw, Dawid"]
[Black "Drabek, Jan"]
[Result "1/2-1/2"]
[WhiteElo "2190"]
[BlackElo "1658"]
[PlyCount "102"]
[EventDate "2015.07.25"]
[EventType "team-swiss"]
[EventRounds "11"]
[EventCountry "POL"]
[SourceTitle "EXT 2019"]
[Source "ChessBase"]
[SourceDate "2018.10.10"]
[SourceVersion "1"]
[SourceVersionDate "2018.10.10"]
[SourceQuality "1"]
[WhiteTeam "Jastrzebie Zdroj Pionier U19"]
[BlackTeam "Krosno KKSz Urania U19"]
[WhiteTeamCountry "POL"]
[BlackTeamCountry "POL"]

1. d4 d5 2. c4 e6 3. Nc3 Nf6 4. cxd5 exd5 5. Bg5 Be7 6. e3 c6 7. Bd3 Bg4 8. Qc2 Nbd7 9. Nge2 0-0 10. 0-0 Rc8 11. f3 Bh5 12. Nf4 Bg6 13. Nxg6 hxg6 14. Bh4 c5 15. Bf2 Bd6 16. g3 a6 17. Qd2 b5 18. dxc5 Bxc5 19. a4 Ne5 20. Be2 b4 21. Nd1 a5 22. b3 Qb6 23. Nb2 Rfd8 24. Rfd1 Qe6 25. Nd3 Nxd3 26. Bxd3 Bb6 27. Rac1 Rxc1 28. Rxc1 d4 29. Bc4 Qf5 30. exd4 Qxf3 31. Rf1 Qg4 32. Qd1 Qxd1 33. Rxd1 Ng4 34. Rf1 Nxf2 35. Kxf2 Rxd4 36. Kg2 Rd7 37. Re1 Kf8 38. Bb5 Rd2+ 39. Kh3 f5 40. Re2 Rxe2 41. Bxe2 Ke7 42. Kg2 Kd6 43. h4 Ke5 44. Kf3 Bd8 45. Bb5 g5 46. hxg5 Bxg5 47. Ba6 Bd8 48. g4 g5 49. Bc8 fxg4+ 50. Kxg4 Ke4 51. Be6 Be7 1/2-1/2

[Event "POL-chT U19 2nd League"]
[Site "Iwonicz"]
[Date "2015.08.01"]
[Round "6.79"]
[White "Drabek, Jan"]
[Black "Klepek, Witold"]
[Result "1-0"]
[WhiteElo "1658"]
[BlackElo "1947"]
[PlyCount "39"]
[EventDate "2015.07.25"]
[EventType "team-swiss"]
[EventRounds "11"]
[EventCountry "POL"]
[SourceTitle "EXT 2019"]
[Source "ChessBase"]
[SourceDate "2018.10.10"]
[SourceVersion "1"]
[SourceVersionDate "2018.10.10"]
[SourceQuality "1"]
[WhiteTeam "Krosno KKSz Urania U19"]
[BlackTeam "Pszczyna PSSz U19"]
[WhiteTeamCountry "POL"]
[BlackTeamCountry "POL"]

1. e4 c5 2. Nf3 Nc6 3. d4 cxd4 4. Nxd4 Nf6 5. Nc3 e5 6. Nb3 Bb4 7. Bc4 Nxe4 8. Bxf7+ Kxf7 9. Qd5+ Ke8 10. Qxe4 d5 11. Qf3 Rf8 12. Qh5+ g6 13. Qxh7 Qf6 14. 0-0 Rh8 15. Nxd5 Qf8 16. Qxg6+ Kd7 17. Be3 Bd6 18. Rad1 Ne7 19. Nxe7 Qxe7 20. Bc5 1-0

[Event "POL-chT U19 2nd League"]
[Site "Iwonicz"]
[Date "2015.08.01"]
[Round "4.79"]
[White "Drabek, Jan"]
[Black "Mytych, Rafal"]
[Result "1/2-1/2"]
[WhiteElo "1658"]
[BlackElo "1672"]
[PlyCount "120"]
[EventDate "2015.07.25"]
[EventType "team-swiss"]
[EventRounds "11"]
[EventCountry "POL"]
[SourceTitle "EXT 2019"]
[Source "ChessBase"]
[SourceDate "2018.10.10"]
[SourceVersion "1"]
[SourceVersionDate "2018.10.10"]
[SourceQuality "1"]
[WhiteTeam "Krosno KKSz Urania U19"]
[BlackTeam "Malopolski Skoczek Sedziszow U19"]
[WhiteTeamCountry "POL"]
[BlackTeamCountry "POL"]

1. e4 c5 2. Nf3 e6 3. d4 cxd4 4. Nxd4 a6 5. Bd3 Nf6 6. Nc3 d6 7. 0-0 Qc7 8. Be3 b5 9. a3 Bb7 10. Kh1 Nc6 11. f4 Be7 12. Qf3 0-0 13. Qg3 Rfd8 14. Rae1 Nd7 15. f5 Nxd4 16. Bxd4 e5 17. Be3 Nf6 18. Qh3 Rac8 19. Rf3 d5 20. exd5 Bxd5 21. Nxd5 Rxd5 22. Bg5 e4 23. Bxf6 Bxf6 24. Rxe4 Re5 25. Rfe3 Rce8 26. Qf3 h6 27. b3 Qc3 28. g3 Rxe4 29. Rxe4 Rxe4 30. Qxe4 Qa1+ 31. Kg2 Qxa3 32. Qa8+ Kh7 33. Bxb5 Qc5 34. Bd3 a5 35. Bc4 Qc7 36. Qe4 Qd7 37. Bd3 Qc7 38. Kh3 Qd7 39. Qa8 Bc3 40. Kg2 g6 41. fxg6+ fxg6 42. Qe4 Qf7 43. Qc6 Bd4 44. h4 Kg7 45. Qe4 Bc3 46. Qg4 Qd5+ 47. Be4 Qf7 48. h5 g5 49. Bf3 Qf6 50. Qd7+ Qf7 51. Qd3 Qf6 52. Qc4 Bb4 53. Be4 Qc3 54. Qa6 Qd2+ 55. Kh3 g4+ 56. Kxg4 Qg5+ 57. Kh3 Qxh5+ 58. Kg2 Qg5 59. Qa7+ Kf6 60. Qd4+ Qe5 1/2-1/2

[Event "POL-chT U19 2nd League"]
[Site "Szczyrk"]
[Date "2014.08.01"]
[Round "10.61"]
[White "Drabek, Jan"]
[Black "Korpalski, Maciej"]
[Result "0-1"]
[WhiteElo "1632"]
[BlackElo "1739"]
[PlyCount "88"]
[EventDate "2014.07.25"]
[EventType "team-swiss"]
[EventRounds "11"]
[EventCountry "POL"]
[SourceTitle "EXT 2015"]
[Source "ChessBase"]
[SourceDate "2014.11.20"]
[SourceVersion "1"]
[SourceVersionDate "2014.11.20"]
[SourceQuality "1"]
[WhiteTeam "Krosno KKSz Urania U19"]
[BlackTeam "Wroclaw MUKS MDK Srodmiescie U19 II"]
[WhiteTeamCountry "POL"]
[BlackTeamCountry "POL"]

1. e4 c5 2. Nf3 d6 3. d4 cxd4 4. Nxd4 Nf6 5. Nc3 e6 6. Be3 a6 7. Be2 Qc7 8. 0-0 b5 9. a3 Bb7 10. f3 Nbd7 11. Kh1 Be7 12. Qe1 d5 13. exd5 Nxd5 14. Nxd5 Bxd5 15. Bd3 0-0 16. Be4 Nf6 17. Bg5 Bxe4 18. fxe4 Qe5 19. Nc6 Qxg5 20. Nxe7+ Kh8 21. e5 Nd7 22. Nc6 Rac8 23. Qe4 Nc5 24. Qf3 Rc7 25. Rae1 h6 26. Nd4 Rd8 27. c3 Rd5 28. Qe3 Qxe3 29. Rxe3 Kg8 30. Rfe1 Na4 31. R1e2 Nxb2 32. Rxb2 Rxd4 33. h3 Rdc4 34. Rb3 Kh7 35. g3 Kg6 36. Kg2 Kf5 37. Kf3 h5 38. Ke2 Re4 39. Rxe4 Kxe4 40. Rb4+ Rc4 41. g4 Rxb4 42. axb4 hxg4 43. hxg4 Kxe5 44. Kf3 Kd5 0-1

[Event "Rewal op-B 17th"]
[Site "Rewal"]
[Date "2012.08.??"]
[Round "4"]
[White "Blaszkiewicz, Mateusz"]
[Black "Drabek, Jan"]
[Result "1-0"]
[WhiteElo "1879"]
[BlackElo "1698"]
[PlyCount "91"]
[EventDate "2012.08.20"]
[EventType "swiss"]
[EventRounds "9"]
[EventCountry "POL"]
[SourceTitle "EXT 2014"]
[Source "ChessBase"]
[SourceDate "2013.11.20"]
[SourceVersion "1"]
[SourceVersionDate "2013.11.20"]
[SourceQuality "1"]

1. e4 c5 2. Nf3 Nc6 3. d4 cxd4 4. Nxd4 g6 5. c4 Bg7 6. Be3 d6 7. Nc3 Nf6 8. Be2 0-0 9. 0-0 a5 10. f3 Bd7 11. b3 Qb6 12. Nc2 Qd8 13. Qd2 Nb4 14. Rac1 Qc7 15. Nd4 Rfc8 16. a3 Na6 17. Ndb5 Qd8 18. Rfd1 Bxb5 19. Nxb5 Nc5 20. Rb1 Ncd7 21. Nc3 h5 22. h3 Kh7 23. f4 b6 24. Bf3 Rab8 25. Nb5 a4 26. Qb4 axb3 27. e5 dxe5 28. fxe5 Ng8 29. Na7 Qc7 30. Nxc8 Rxc8 31. e6 fxe6 32. Qxb3 e5 33. Bxh5 Ngf6 34. Be2 Rb8 35. Qb4 e6 36. Qd6 Qb7 37. c5 Qe4 38. Qd3 Qxd3 39. Rxd3 e4 40. Rd6 Nd5 41. Rxd7 Nxe3 42. Rxb6 Rg8 43. Rxe6 Nc2 44. c6 Nd4 45. Rxe4 Nxc6 46. Rh4# 1-0

[Event "POL-chT U19 2nd League"]
[Site "Borowice"]
[Date "2012.07.27"]
[Round "9"]
[White "Smieszek, Wojciech"]
[Black "Drabek, Jan"]
[Result "1-0"]
[WhiteElo "1809"]
[BlackElo "1703"]
[PlyCount "107"]
[EventDate "2012.07.21"]
[EventType "team-swiss"]
[EventRounds "11"]
[EventCountry "POL"]
[SourceTitle "EXT 2014"]
[Source "ChessBase"]
[SourceDate "2013.11.20"]
[SourceVersion "1"]
[SourceVersionDate "2013.11.20"]
[SourceQuality "1"]
[WhiteTeam "Szczecin Gryf U19"]
[BlackTeam "Krosno KKSz Urania U19"]
[WhiteTeamCountry "POL"]
[BlackTeamCountry "POL"]

1. e4 c5 2. Nf3 Nc6 3. d4 cxd4 4. Nxd4 d5 5. Bb5 dxe4 6. Nxc6 Qxd1+ 7. Kxd1 a6 8. Nd4+ axb5 9. Nxb5 Bg4+ 10. Ke1 Rc8 11. N1c3 f6 12. Nxe4 Rxc2 13. Nbc3 e5 14. a3 f5 15. Ng3 f4 16. Nge4 Nf6 17. Nd2 Bc5 18. f3 Bf5 19. Kd1 Bd4 20. Nb5 Bd3 21. a4 Nd5 22. Nxd4 exd4 23. Ke1 Kf7 24. Kf2 Ne3 25. b3 Rhc8 26. Re1 Nf1 27. Rd1 Ne3 28. Re1 Nf1 29. Rd1 Ne3 30. Re1 R8c6 31. a5 Rg6 32. Rg1 Nf1 33. Rxf1 Bxf1 34. Kxf1 Rgc6 35. Nc4 Re6 36. Bd2 d3 37. Re1 Rxe1+ 38. Kxe1 Ke6 39. g3 fxg3 40. hxg3 h6 41. Kf2 Ra2 42. Ke3 Ra1 43. Kxd3 Rg1 44. g4 g5 45. b4 Rf1 46. Ke4 Rb1 47. Ne3 Rb2 48. Kd3 Rb3+ 49. Kc2 Ra3 50. Bc3 b6 51. Kb2 Ra4 52. Kb3 b5 53. Nc4 Kd5 54. Nb6+ 1-0

[Event "POL-chT U19 2nd League"]
[Site "Borowice"]
[Date "2012.07.25"]
[Round "7"]
[White "Drabek, Jan"]
[Black "Korpalski, Maciej"]
[Result "1-0"]
[WhiteElo "1703"]
[BlackElo "1563"]
[PlyCount "97"]
[EventDate "2012.07.21"]
[EventType "team-swiss"]
[EventRounds "11"]
[EventCountry "POL"]
[SourceTitle "EXT 2014"]
[Source "ChessBase"]
[SourceDate "2013.11.20"]
[SourceVersion "1"]
[SourceVersionDate "2013.11.20"]
[SourceQuality "1"]
[WhiteTeam "Krosno KKSz Urania U19"]
[BlackTeam "Wroclaw MUKS MDK Srodmiescie U19 II"]
[WhiteTeamCountry "POL"]
[BlackTeamCountry "POL"]

1. e4 c5 2. Nf3 d6 3. d4 cxd4 4. Nxd4 Nf6 5. Nc3 e6 6. Be3 a6 7. Be2 Qc7 8. 0-0 b5 9. a3 Bb7 10. f3 Be7 11. Kh1 0-0 12. Qd2 Nbd7 13. Rad1 Nb6 14. Bd3 Rfd8 15. Qf2 Nc4 16. Bxc4 Qxc4 17. Nb3 d5 18. Bb6 Rd7 19. e5 Ne8 20. Qe3 b4 21. axb4 Qxb4 22. Ba5 Qc4 23. Qd4 Qc6 24. Na4 Qxc2 25. Nbc5 Bxc5 26. Nxc5 Re7 27. Qb4 Qc4 28. Qxc4 dxc4 29. Bd8 Rxd8 30. Rxd8 Kf8 31. Rfd1 Bd5 32. Nxa6 Ra7 33. Nb4 Rb7 34. Nxd5 exd5 35. R8xd5 Rxb2 36. Rc1 c3 37. Rc5 f6 38. exf6 Nxf6 39. R5xc3 h6 40. R3c2 Rb3 41. Kg1 Kg8 42. Kf2 Kh7 43. Rc5 Ra3 44. g4 Ra2+ 45. Kg3 Ra3 46. R1c3 Ra2 47. h4 Ra4 48. Re3 Rb4 49. Re7 1-0

[Event "POL-chT U19 2nd League"]
[Site "Borowice"]
[Date "2012.07.23"]
[Round "4"]
[White "Michalski, Filip"]
[Black "Drabek, Jan"]
[Result "1-0"]
[WhiteElo "1646"]
[BlackElo "1703"]
[PlyCount "87"]
[EventDate "2012.07.21"]
[EventType "team-swiss"]
[EventRounds "11"]
[EventCountry "POL"]
[SourceTitle "EXT 2014"]
[Source "ChessBase"]
[SourceDate "2013.11.20"]
[SourceVersion "1"]
[SourceVersionDate "2013.11.20"]
[SourceQuality "1"]
[WhiteTeam "Ostrow Wielkopolski U19"]
[BlackTeam "Krosno KKSz Urania U19"]
[WhiteTeamCountry "POL"]
[BlackTeamCountry "POL"]

1. d4 g6 2. c4 Bg7 3. Nc3 c5 4. e3 cxd4 5. exd4 Nf6 6. Nf3 0-0 7. Be2 d6 8. 0-0 Bf5 9. Be3 a6 10. Rc1 Ne4 11. Bd3 Nxc3 12. Rxc3 Bxd3 13. Qxd3 Nc6 14. Re1 Qd7 15. a3 a5 16. Rc2 e6 17. d5 Ne5 18. Nxe5 Bxe5 19. Bd4 Bxd4 20. Qxd4 e5 21. Qd2 Kg7 22. c5 Rfd8 23. c6 bxc6 24. dxc6 Qc7 25. b4 axb4 26. axb4 Rab8 27. Rb1 d5 28. b5 d4 29. Qb4 Rb6 30. h3 h5 31. Qc4 Rd6 32. Re1 Rd8 33. Qc5 f6 34. f4 Re8 35. fxe5 fxe5 36. Rce2 d3 37. Rd2 e4 38. Rxd3 exd3 39. Rxe8 Qf4 40. Qe7+ Qf7 41. Qe5+ Kh6 42. Rh8+ Qh7 43. Qf4+ Kg7 44. Qf8# 1-0

[Event "Solina Mind Sports U14 op"]
[Site "Solina"]
[Date "2012.04.19"]
[Round "7"]
[White "Adamczyk, Pawel"]
[Black "Drabek, Jan"]
[Result "0-1"]
[WhiteElo "1463"]
[BlackElo "1696"]
[PlyCount "48"]
[EventDate "2012.04.15"]
[EventType "swiss"]
[EventRounds "9"]
[EventCountry "POL"]
[SourceTitle "EXT 2014"]
[Source "ChessBase"]
[SourceDate "2013.11.20"]
[SourceVersion "1"]
[SourceVersionDate "2013.11.20"]
[SourceQuality "1"]

1. e4 c5 2. Nf3 d6 3. d4 cxd4 4. Nxd4 Nf6 5. f3 e5 6. Ne2 a5 7. Be3 a4 8. Nd2 Be7 9. c4 0-0 10. Nc3 Bd7 11. Be2 Qa5 12. 0-0 Na6 13. Nd5 Nxd5 14. cxd5 b5 15. Re1 Rfc8 16. Bf1 Nb4 17. Rc1 Rxc1 18. Qxc1 Rc8 19. Qb1 Nc2 20. b3 axb3 21. axb3 Nxe3 22. Rxe3 Qxd2 23. Rd3 Qa5 24. b4 Qa7+ 0-1

[Event "Solina Mind Sports U14 op"]
[Site "Solina"]
[Date "2012.04.18"]
[Round "5"]
[White "Wisniewski, Michal"]
[Black "Drabek, Jan"]
[Result "1-0"]
[WhiteElo "1805"]
[BlackElo "1696"]
[PlyCount "123"]
[EventDate "2012.04.15"]
[EventType "swiss"]
[EventRounds "9"]
[EventCountry "POL"]
[SourceTitle "EXT 2014"]
[Source "ChessBase"]
[SourceDate "2013.11.20"]
[SourceVersion "1"]
[SourceVersionDate "2013.11.20"]
[SourceQuality "1"]

1. e4 c5 2. Nf3 d6 3. Bb5+ Bd7 4. Bxd7+ Nxd7 5. c4 Ngf6 6. Nc3 g6 7. d4 cxd4 8. Nxd4 Bg7 9. f3 0-0 10. Be3 Ne5 11. b3 Nc6 12. Nde2 Qa5 13. Rc1 Nd7 14. 0-0 Nb4 15. Qd2 Nc6 16. Rfd1 Rac8 17. h3 h5 18. Rb1 a6 19. a4 Kh7 20. Kh1 Rfe8 21. Qe1 Nf6 22. Qd2 Nd7 23. Re1 Nf6 24. Qc1 Nb4 25. Qd1 Nc6 26. Nd5 Nxd5 27. exd5 Ne5 28. Nd4 Qc7 29. Bg5 Bf6 30. Qd2 Nd3 31. Re2 Bxd4 32. Qxd3 Bg7 33. Rbe1 Bf8 34. f4 Qd7 35. f5 Qxf5 36. Qxf5 gxf5 37. Bxe7 Rc7 38. Bxf8 Rxf8 39. Rf2 Kg6 40. Ref1 Re7 41. Rxf5 f6 42. Kg1 a5 43. R1f3 b6 44. Kf2 Re4 45. g3 Rf7 46. R3f4 Re8 47. g4 hxg4 48. hxg4 Ree7 49. Rf3 Rd7 50. Re3 Rde7 51. Rff3 Kg5 52. Kg3 Rh7 53. Rf5+ Kg6 54. Ref3 Rhf7 55. g5 fxg5 56. Rxf7 Rxf7 57. Re3 Kf5 58. Re6 Rd7 59. Re8 Rb7 60. Kf3 g4+ 61. Kg3 Re7 62. Rxe7 1-0

[Event "Polanica Zdroj op-B 46th"]
[Site "Polanica Zdroj"]
[Date "2010.08.23"]
[Round "6"]
[White "Labuda, Michal"]
[Black "Drabek, Jan"]
[Result "1-0"]
[WhiteElo "1900"]
[BlackElo "1670"]
[PlyCount "83"]
[EventDate "2010.08.18"]
[EventType "swiss"]
[EventRounds "9"]
[EventCountry "POL"]
[SourceTitle "CBM 138 Extra"]
[Source "ChessBase"]
[SourceDate "2010.10.29"]
[SourceVersion "1"]
[SourceVersionDate "2010.10.29"]
[SourceQuality "1"]

1. d4 d5 2. c4 e6 3. Nc3 Nf6 4. cxd5 exd5 5. Bg5 Be7 6. e3 c6 7. Qc2 Bg4 8. Bd3 Nbd7 9. h3 Bh5 10. f4 h6 11. Bxf6 Bxf6 12. g4 Bg6 13. Bxg6 fxg6 14. Qxg6+ Kf8 15. 0-0-0 Qe8 16. Qd3 Nb6 17. Nf3 Nc4 18. Ne5 Bxe5 19. fxe5 Qe7 20. Rdf1+ Kg8 21. Rh2 Qg5 22. Rf3 Rf8 23. Rhf2 Rxf3 24. Rxf3 g6 25. b3 Nb6 26. Qf1 Qe7 27. Rf6 Kg7 28. Qd3 Qe8 29. h4 Rf8 30. g5 hxg5 31. hxg5 Nd7 32. Rxf8 Qxf8 33. e4 Qf4+ 34. Qd2 Qf1+ 35. Kb2 dxe4 36. Nxe4 Qf3 37. Nd6 Qd5 38. Qf4 c5 39. dxc5 Nxc5 40. Ne8+ Kh8 41. Qf6+ Kg8 42. Qg7# 1-0

[Event "Polanica Zdroj op-B 46th"]
[Site "Polanica Zdroj"]
[Date "2010.08.20"]
[Round "3"]
[White "Drabek, Jan"]
[Black "Lukasiewicz, Aleksander"]
[Result "1-0"]
[WhiteElo "1670"]
[BlackElo "1905"]
[PlyCount "51"]
[EventDate "2010.08.18"]
[EventType "swiss"]
[EventRounds "9"]
[EventCountry "POL"]
[SourceTitle "CBM 138 Extra"]
[Source "ChessBase"]
[SourceDate "2010.10.29"]
[SourceVersion "1"]
[SourceVersionDate "2010.10.29"]
[SourceQuality "1"]

1. e4 e5 2. Nf3 Nc6 3. Bb5 a6 4. Bxc6 dxc6 5. 0-0 Bg4 6. h3 h5 7. d3 Qf6 8. Nbd2 Bc5 9. Qe2 Ne7 10. Re1 Ng6 11. Nf1 Nf4 12. Bxf4 Qxf4 13. Qd2 Qf6 14. hxg4 hxg4 15. N3h2 Rxh2 16. Kxh2 0-0-0 17. Kg1 Rh8 18. Ng3 Qh4 19. Re3 g6 20. Rae1 Bb6 21. Kf1 Bxe3 22. Qxe3 Rf8 23. Qc5 Re8 24. d4 f5 25. exf5 gxf5 26. Rxe5 1-0

[Event "POL-chT U19 2nd League"]
[Site "Chelm Lubelski"]
[Date "2010.07.09"]
[Round "5"]
[White "Kanicki, Krzysztof"]
[Black "Drabek, Jan"]
[Result "0-1"]
[WhiteElo "1706"]
[BlackElo "1670"]
[PlyCount "110"]
[EventDate "2010.07.06"]
[EventType "team-tourn"]
[EventRounds "11"]
[EventCountry "POL"]
[SourceTitle "EXT 2011"]
[Source "ChessBase"]
[SourceDate "2010.11.26"]
[SourceVersion "1"]
[SourceVersionDate "2010.11.26"]
[SourceQuality "1"]
[WhiteTeam "Wroclaw MUKS MDK Fabryczna U19"]
[BlackTeam "Krosno KKSz Urania U19"]
[WhiteTeamCountry "POL"]
[BlackTeamCountry "POL"]

1. c4 e5 2. Nc3 Nf6 3. g3 Bc5 4. Bg2 0-0 5. d3 d6 6. Nf3 h6 7. 0-0 Nc6 8. e3 Bg4 9. h3 Bd7 10. d4 exd4 11. exd4 Bb6 12. d5 Ne7 13. Nd4 Nf5 14. Nce2 Re8 15. Nxf5 Bxf5 16. Nd4 Qd7 17. Nxf5 Qxf5 18. Bd2 Ne4 19. Bxe4 Rxe4 20. Qc2 Qf3 21. Qb3 Qxb3 22. axb3 Re2 23. Bc3 Rae8 24. Kg2 Rc2 25. Rad1 Ree2 26. Bd4 Bxd4 27. Rxd4 Rxb2 28. Rd3 Kf8 29. Rf3 Ke7 30. Rd1 Rbd2 31. Rxd2 Rxd2 32. Re3+ Kd7 33. Kf3 b5 34. g4 bxc4 35. bxc4 Rc2 36. Ra3 Rxc4 37. Rxa7 Rc3+ 38. Ke4 Rxh3 39. f3 Rh2 40. Ra3 h5 41. gxh5 Rxh5 42. f4 g6 43. Rg3 Rh2 44. Ra3 f5+ 45. Kd4 Rh4 46. Rf3 g5 47. Ke3 g4 48. Rf1 Rh3+ 49. Ke2 Rf3 50. Rxf3 gxf3+ 51. Kxf3 c6 52. Ke3 cxd5 53. Kd3 d4 54. Kxd4 Kc6 55. Kc4 d5+ 0-1